Welcome to CU Library Online Public Access Catalogue (OPAC)

The Politics of Party Coalitions in Africa (Record no. 9430)

MARC details
000 -LEADER
fixed length control field 00484nam a22001457a 4500
005 - DATE AND TIME OF LATEST TRANSACTION
control field 20260422120505.0
008 - FIXED-LENGTH DATA ELEMENTS--GENERAL INFORMATION
fixed length control field 260422b |||||||| |||| 00| 0 eng d
020 ## - INTERNATIONAL STANDARD BOOK NUMBER
International Standard Book Number 9781920095512
050 ## - LIBRARY OF CONGRESS CALL NUMBER
Classification number JQ1879
Item number .A15
245 ## - TITLE STATEMENT
Title The Politics of Party Coalitions in Africa
Statement of responsibility, etc. edited by Denis Kadima, foreword by H. E. Cassam Uteem
260 ## - PUBLICATION, DISTRIBUTION, ETC.
Place of publication, distribution, etc. Auckland Park
-- Houghton
Name of publisher, distributor, etc. EISA
-- Konrad-Adenauer-Stiftung
Date of publication, distribution, etc. 2006
300 ## - PHYSICAL DESCRIPTION
Extent xvii. 278p.
Other physical details ill.
Dimensions 23cm
700 ## - ADDED ENTRY--PERSONAL NAME
Personal name Kadima, Denis
942 ## - ADDED ENTRY ELEMENTS (KOHA)
Source of classification or shelving scheme Library of Congress Classification
Koha item type Books
Suppress in OPAC No
999 ## -
-- 9430
-- 9430
Holdings
Withdrawn status Lost status Source of classification or shelving scheme Damaged status Not for loan Collection Home library Current library Shelving location Date acquired Total checkouts Full call number Barcode Date last seen Copy number Price effective from Koha item type
    Library of Congress Classification     Non-fiction Business Library (Miotso) Business Library (Miotso) General stacks 04/22/2026   JQ1879 .A15 POL BSSM00003524 04/22/2026 1 04/22/2026 Books
© 2023-2024 Copyright: Central University Libraries. All Rights Reserved | Created by: Mahone Tech Office